[Event "Wch U14"]
[Site "Montesilvano"]
[Date "2023.11.14"]
[Round "2"]
[White "Pehar, Borna"]
[Black "Matyassy, Lazar"]
[Result "1/2-1/2"]
[WhiteElo "1985"]
[BlackElo "2281"]
[PlyCount "88"]
[EventDate "2023.11.13"]
[EventType "swiss"]
[EventRounds "11"]
[EventCountry "ITA"]
[SourceTitle "CB48_2023"]
[SourceDate "2023.11.29"]
[SourceVersion "1"]
[SourceVersionDate "2023.11.29"]
[SourceQuality "1"]

1. e4 c5 2. Nf3 d6 3. d4 cxd4 4. Nxd4 Nf6 5. Nc3 Nc6 6. Bg5 e6 7. Bb5 Bd7 8. Qd3 Qb6 9. 0-0-0 Be7 10. f4 0-0-0 11. Rhf1 Nxd4 12. Bxd7+ Rxd7 13. Qxd4 Qxd4 14. Rxd4 h6 15. Bh4 Nxe4 16. Bxe7 Nxc3 17. Rc4+ Kb8 18. Bxd6+ Rxd6 19. Rxc3 Rhd8 20. Rcf3 Rd4 21. c3 Re4 22. R1f2 Kc7 23. Rd2 Re1+ 24. Kc2 Rxd2+ 25. Kxd2 Rb1 26. Kc2 Rg1 27. Rf2 f5 28. Kd3 g5 29. g3 Kd6 30. Kd4 Re1 31. c4 gxf4 32. gxf4 Re4+ 33. Kd3 a5 34. b3 Kc5 35. a3 h5 36. Rf3 h4 37. Kc3 Kc6 38. b4 axb4+ 39. axb4 b5 40. c5 Rc4+ 41. Kb3 h3 42. Re3 Rxf4 43. Rxe6+ Kd7 44. Re3 Rh4 1/2-1/2

[Event "CRO-ch U15"]
[Site "Trogir"]
[Date "2023.06.24"]
[Round "6"]
[White "Pehar, Borna"]
[Black "Tomljanovic, Ivano"]
[Result "0-1"]
[WhiteElo "1911"]
[BlackElo "2012"]
[PlyCount "112"]
[EventDate "2023.06.21"]
[EventType "swiss"]
[EventRounds "9"]
[EventCountry "CRO"]
[SourceTitle "EXT 2024"]
[Source "ChessBase"]
[SourceDate "2023.10.10"]
[SourceVersion "1"]
[SourceVersionDate "2023.10.10"]
[SourceQuality "1"]

1. e4 e6 2. d4 d5 3. Nc3 Nf6 4. Bg5 Be7 5. exd5 exd5 6. Bd3 h6 7. Bh4 0-0 8. Nge2 c6 9. 0-0 Re8 10. f3 Nbd7 11. Re1 b6 12. Qd2 Bb7 13. Rad1 Qc7 14. Bg3 Qc8 15. Bf5 Bf8 16. a4 Bb4 17. Bh4 Qb8 18. Bg3 Qd8 19. Nf4 Rxe1+ 20. Rxe1 c5 21. Nd3 Ba5 22. Ne5 Nxe5 23. Bxe5 Nd7 24. Bd6 Qf6 25. Qf4 g5 26. Qg4 h5 27. Qh3 Qxd6 28. Qxh5 Nf8 29. Qxg5+ Ng6 30. Nb5 Qf4 31. Qxf4 Nxf4 32. Re7 Bc6 33. Nc7 Kf8 34. Re3 Rb8 35. g3 Ng6 36. Bxg6 fxg6 37. Re6 Bxa4 38. b3 Be8 39. Nxd5 Bf7 40. Rf6 Rd8 41. Nf4 Kg7 42. Rxg6+ Bxg6 43. Ne6+ Kf6 44. Nxd8 cxd4 45. Nc6 Bc3 46. Nxa7 Bxc2 47. Nb5 Bxb3 48. Kf2 Bc4 49. Na3 b5 50. Nc2 b4 51. Nxb4 Bxb4 52. f4 Kf5 53. Kf3 Bd5+ 54. Ke2 Ke4 55. h4 d3+ 56. Kd1 Bb3+ 0-1

[Event "CRO-ch U15"]
[Site "Trogir"]
[Date "2023.06.21"]
[Round "1"]
[White "Pehar, Borna"]
[Black "Milic, Damjan"]
[Result "1-0"]
[WhiteElo "1911"]
[BlackElo "1176"]
[PlyCount "73"]
[EventDate "2023.06.21"]
[EventType "swiss"]
[EventRounds "9"]
[EventCountry "CRO"]
[SourceTitle "EXT 2024"]
[Source "ChessBase"]
[SourceDate "2023.10.10"]
[SourceVersion "1"]
[SourceVersionDate "2023.10.10"]
[SourceQuality "1"]

1. e4 c5 2. Nf3 d6 3. d4 cxd4 4. Qxd4 Nc6 5. Bb5 Bd7 6. Bxc6 Bxc6 7. 0-0 Nf6 8. Re1 g6 9. Nc3 Bg7 10. Be3 0-0 11. Qd3 Qa5 12. h3 Nd7 13. Bd4 Nc5 14. Qd2 Ne6 15. Bxg7 Nxg7 16. Rad1 Rfd8 17. Qh6 f6 18. Nd4 Rac8 19. Qe3 b5 20. Nxc6 Rxc6 21. Nd5 Rd7 22. Qb3 Kf8 23. c3 Rc4 24. Qc2 Ne6 25. b3 Rc8 26. Qe2 Nc7 27. b4 Qa4 28. Qg4 Rdd8 29. Nf4 Qxa2 30. Ra1 Qc4 31. Rxa7 Ke8 32. Qh4 Qxc3 33. Re3 Qc1+ 34. Kh2 Ra8 35. Rxa8 Rxa8 36. Qxh7 Kd7 37. Nd5 1-0

[Event "Hvar Arsenal op"]
[Site "Hvar"]
[Date "2022.10.12"]
[Round "7"]
[White "Pehar, Borna"]
[Black "Cvetkovic, Erik"]
[Result "1-0"]
[WhiteElo "1940"]
[BlackElo "1747"]
[PlyCount "71"]
[EventDate "2022.10.08"]
[EventType "swiss"]
[EventRounds "9"]
[EventCountry "CRO"]
[SourceTitle "CBM 210 Extra"]
[Source "ChessBase"]
[SourceDate "2022.11.30"]
[SourceVersion "1"]
[SourceVersionDate "2022.11.30"]
[SourceQuality "1"]

1. e4 c5 2. Nf3 d6 3. d4 cxd4 4. Nxd4 Nf6 5. Nc3 a6 6. Be3 e5 7. Nb3 Be6 8. f3 Be7 9. Qd2 h5 10. Nd5 Nxd5 11. exd5 Bf5 12. Be2 0-0 13. 0-0 Nd7 14. c4 Qc7 15. Na5 Bd8 16. b4 Rc8 17. Rac1 Qb8 18. Nb3 b6 19. c5 bxc5 20. Bxa6 Rc7 21. b5 Ra7 22. a4 Qa8 23. a5 Nb8 24. Nxc5 dxc5 25. Bxc5 Nxa6 26. Bxf8 Kxf8 27. b6 Rd7 28. Rfd1 Be7 29. Qb2 Bc5+ 30. Kh1 Bd4 31. Qb5 Rxd5 32. b7 Qd8 33. Qxa6 Rxa5 34. Rc8 Bxc8 35. bxc8Q Rxa6 36. Qxd8# 1-0

[Event "EU-ch Amateur U2000"]
[Site "Zagreb"]
[Date "2022.08.21"]
[Round "9"]
[White "Pehar, Borna"]
[Black "Flis, Pawel"]
[Result "1/2-1/2"]
[WhiteElo "1886"]
[BlackElo "1936"]
[PlyCount "104"]
[EventDate "2022.08.14"]
[EventType "swiss"]
[EventRounds "9"]
[EventCountry "CRO"]
[SourceTitle "CBM 210 Extra"]
[Source "ChessBase"]
[SourceDate "2022.11.30"]
[SourceVersion "1"]
[SourceVersionDate "2022.11.30"]
[SourceQuality "1"]

1. e4 e5 2. Nf3 Nc6 3. Nc3 Nf6 4. d4 exd4 5. Nxd4 Bb4 6. Nxc6 bxc6 7. Bd3 d5 8. exd5 0-0 9. 0-0 cxd5 10. Bg5 c6 11. Qf3 Bd6 12. h3 h6 13. Bf4 Be6 14. Ne2 Bxf4 15. Nxf4 Re8 16. Rfe1 Qd6 17. Rad1 Rab8 18. b3 Qa3 19. Qg3 Bd7 20. c4 Qxa2 21. Ne2 Qa5 22. cxd5 cxd5 23. Rf1 Qb6 24. Ra1 Bb5 25. Bxb5 Qxb5 26. Nd4 Qd7 27. Ra6 Rb6 28. Rfa1 Rxa6 29. Rxa6 Ne4 30. Qf4 Qb7 31. Ra5 a6 32. Qf5 Nf6 33. Ra4 Qb8 34. Kf1 Qb7 35. Qd3 a5 36. Rxa5 Qb4 37. Ra1 Rc8 38. Nc6 Qd6 39. Nd4 g6 40. Kg1 Kg7 41. Rd1 Qb4 42. Nc2 Qc5 43. Ne3 Rb8 44. Rb1 Qb5 45. Qd4 Qb6 46. Qf4 Qb4 47. Qxf6+ Kxf6 48. Nxd5+ Ke5 49. Nxb4 Rxb4 50. Kf1 Kd4 51. Ke2 Kc3 52. Ke3 Kc2 1/2-1/2

[Event "EU-ch Amateur U2000"]
[Site "Zagreb"]
[Date "2022.08.18"]
[Round "6"]
[White "Celik, Berkay"]
[Black "Pehar, Borna"]
[Result "0-1"]
[WhiteElo "1878"]
[BlackElo "1886"]
[PlyCount "64"]
[EventDate "2022.08.14"]
[EventType "swiss"]
[EventRounds "9"]
[EventCountry "CRO"]
[SourceTitle "CBM 210 Extra"]
[Source "ChessBase"]
[SourceDate "2022.11.30"]
[SourceVersion "1"]
[SourceVersionDate "2022.11.30"]
[SourceQuality "1"]

1. e4 c5 2. Nf3 Nc6 3. Bb5 Nf6 4. Qe2 Qc7 5. c3 e5 6. 0-0 Be7 7. Na3 0-0 8. Nc4 d6 9. d3 Bg4 10. Ne3 Be6 11. Ng5 Bd7 12. f4 exf4 13. Rxf4 h6 14. Nh3 d5 15. Nxd5 Nxd5 16. exd5 Bxh3 17. gxh3 Bd6 18. Re4 Ne5 19. d4 Ng6 20. Rg4 a6 21. Bd3 Rae8 22. Qf2 c4 23. Bf1 h5 24. Rg5 Nf4 25. Rf5 Re2 26. Qf3 Re1 27. Kf2 Rfe8 28. b3 Nd3+ 29. Bxd3 cxd3 30. Qxd3 R8e2+ 31. Kf3 g6 32. Rf6 Qd7 0-1

[Event "Solta op 5th"]
[Site "Grohote"]
[Date "2022.07.06"]
[Round "5"]
[White "Pehar, Borna"]
[Black "Cupic, Lovro"]
[Result "0-1"]
[WhiteElo "1752"]
[BlackElo "2250"]
[PlyCount "90"]
[EventDate "2022.07.02"]
[EventType "swiss"]
[EventRounds "9"]
[EventCountry "CRO"]
[SourceTitle "EXT 2023"]
[Source "ChessBase"]
[SourceDate "2022.10.05"]
[SourceVersion "1"]
[SourceVersionDate "2022.10.05"]
[SourceQuality "1"]

1. e4 c6 2. d4 d5 3. exd5 cxd5 4. Bd3 Nc6 5. c3 Qc7 6. Ne2 Bg4 7. 0-0 e6 8. Qe1 Nf6 9. f3 Bh5 10. Qh4 Bg6 11. Bxg6 fxg6 12. Nf4 Kf7 13. Re1 Re8 14. Nd3 e5 15. Be3 Bd6 16. Nd2 exd4 17. cxd4 h6 18. Nf1 g5 19. Qf2 Nh5 20. g3 Rhf8 21. Rac1 Kg8 22. b4 Qf7 23. b5 Nb4 24. Nxb4 Bxb4 25. Bd2 Bd6 26. Rc3 g4 27. f4 Nf6 28. Rce3 Ne4 29. Qe2 Qd7 30. Qd3 Kh8 31. Qb3 Qf5 32. Bb4 Bxb4 33. Qxb4 g5 34. Rxe4 Rxe4 35. Rxe4 dxe4 36. Ne3 Qf7 37. f5 Rc8 38. Qb2 Qc7 39. d5+ Qc3 40. Qf2 h5 41. f6 Rf8 42. f7 Qg7 43. Qf5 Qxf7 44. Qe5+ Qf6 45. Qxf6+ Rxf6 0-1

[Event "Bosnjaci op 26th"]
[Site "Bosnjaci"]
[Date "2022.01.06"]
[Round "6"]
[White "Sadikovic, Jasmin"]
[Black "Pehar, Borna"]
[Result "1-0"]
[WhiteElo "2134"]
[BlackElo "1607"]
[PlyCount "68"]
[EventDate "2022.01.03"]
[EventType "swiss"]
[EventRounds "9"]
[EventCountry "CRO"]
[SourceTitle "EXT 2023"]
[Source "ChessBase"]
[SourceDate "2022.10.05"]
[SourceVersion "1"]
[SourceVersionDate "2022.10.05"]
[SourceQuality "1"]

1. e4 c5 2. Nf3 Nc6 3. g3 d6 4. Bg2 Nf6 5. d3 g6 6. 0-0 Bg7 7. c3 0-0 8. Qe2 e5 9. Na3 Be6 10. Ng5 Bg4 11. f3 Bd7 12. f4 a6 13. Nc4 Qc7 14. Ne3 Rfe8 15. f5 Ne7 16. g4 Bc6 17. c4 b5 18. b3 h6 19. Nf3 g5 20. h4 Nh7 21. hxg5 hxg5 22. Nxg5 Nxg5 23. f6 Ng6 24. fxg7 Nf4 25. Rxf4 exf4 26. Nf5 Bd7 27. Bxf4 Bxf5 28. gxf5 f6 29. Bxg5 fxg5 30. f6 Qf7 31. Rf1 Re6 32. e5 Rxe5 33. Qxe5 dxe5 34. Bxa8 Qg6 1-0

[Event "Hvar op U16 3rd"]
[Site "Hvar"]
[Date "2019.10.07"]
[Round "4"]
[White "Pehar, Borna"]
[Black "Markovic, Milos"]
[Result "1-0"]
[WhiteElo "1462"]
[BlackElo "1585"]
[PlyCount "97"]
[EventDate "2019.10.05"]
[EventType "swiss"]
[EventRounds "6"]
[EventCountry "CRO"]
[SourceTitle "CBM 193 Extra"]
[Source "ChessBase"]
[SourceDate "2020.01.31"]
[SourceVersion "1"]
[SourceVersionDate "2020.01.31"]
[SourceQuality "1"]

1. e4 e6 2. d4 d5 3. exd5 exd5 4. Bd3 Bd6 5. Ne2 Ne7 6. 0-0 0-0 7. Bf4 Bf5 8. Nbc3 c6 9. Qd2 Bxd3 10. Bxd6 Qxd6 11. Qxd3 Qg6 12. Qd2 Nd7 13. f4 f5 14. Nc1 Qd6 15. Nd3 Ng6 16. Ne5 Ngxe5 17. fxe5 Qe6 18. Ne2 c5 19. c3 cxd4 20. cxd4 Qe7 21. Nf4 Nb6 22. Qa5 Rfd8 23. Rac1 Nc4 24. Qb5 a6 25. Qb3 Nd2 26. Nxd5 Nxb3 27. Nxe7+ Kf8 28. axb3 Kxe7 29. Rc7+ Rd7 30. Rxd7+ Kxd7 31. Rxf5 Ke6 32. Rf4 Rc8 33. g3 Rc1+ 34. Kg2 Rc2+ 35. Rf2 Rc7 36. Kf3 Kd5 37. Ke3 b6 38. Kd3 a5 39. Rf8 Rb7 40. Rd8+ Ke6 41. Ke4 Ke7 42. Rc8 Kd7 43. Rg8 Ke6 44. d5+ Kf7 45. Rc8 Ke7 46. Kf5 g6+ 47. Ke4 h5 48. Rh8 Rd7 49. Rh7+ 1-0

[Event "Hvar op U16 3rd"]
[Site "Hvar"]
[Date "2019.10.06"]
[Round "2"]
[White "Bedic, Noemi"]
[Black "Pehar, Borna"]
[Result "1-0"]
[WhiteElo "1706"]
[BlackElo "1462"]
[PlyCount "115"]
[EventDate "2019.10.05"]
[EventType "swiss"]
[EventRounds "6"]
[EventCountry "CRO"]
[SourceTitle "CBM 193 Extra"]
[Source "ChessBase"]
[SourceDate "2020.01.31"]
[SourceVersion "1"]
[SourceVersionDate "2020.01.31"]
[SourceQuality "1"]

1. e4 e5 2. Nf3 Nc6 3. Bb5 Nf6 4. 0-0 d6 5. Re1 Be7 6. h3 0-0 7. c3 a6 8. Ba4 Be6 9. d4 Bd7 10. Nbd2 Re8 11. Bxc6 Bxc6 12. dxe5 dxe5 13. Nxe5 Bc5 14. Nxc6 bxc6 15. Qa4 Re6 16. Nb3 Bb6 17. Bg5 Qd3 18. Bxf6 Rxf6 19. Nd4 Rg6 20. Re3 Qd2 21. Qb3 c5 22. Rd1 c4 23. Rxd2 cxb3 24. axb3 c5 25. Nf5 Re6 26. c4 Rae8 27. f3 Ba5 28. Rd7 Rd8 29. Rxd8+ Bxd8 30. Rd3 Bf6 31. Rd5 g6 32. Ng3 Bxb2 33. Kf1 Bd4 34. Ne2 Rb6 35. Nxd4 cxd4 36. Rxd4 Rxb3 37. Ke2 Rb2+ 38. Kd3 a5 39. c5 Rb8 40. Ra4 Ra8 41. Kc4 Kf8 42. Kb5 Rb8+ 43. Kxa5 Ke7 44. Rd4 f6 45. Rd6 Rb1 46. Rb6 Rc1 47. Kb5 Rb1+ 48. Kc6 Rc1 49. Rb7+ Ke6 50. Rxh7 Rg1 51. Kb7 Rxg2 52. c6 Rb2+ 53. Kc8 Kd6 54. c7 Kc6 55. Rf7 Ra2 56. Rxf6+ Kb5 57. Kd7 Ra7 58. Kd8 1-0

[Event "Hvar op U16 3rd"]
[Site "Hvar"]
[Date "2019.10.06"]
[Round "3"]
[White "Pehar, Borna"]
[Black "Matkun, Borna"]
[Result "0-1"]
[WhiteElo "1462"]
[BlackElo "1566"]
[PlyCount "60"]
[EventDate "2019.10.05"]
[EventType "swiss"]
[EventRounds "6"]
[EventCountry "CRO"]
[SourceTitle "CBM 193 Extra"]
[Source "ChessBase"]
[SourceDate "2020.01.31"]
[SourceVersion "1"]
[SourceVersionDate "2020.01.31"]
[SourceQuality "1"]

1. e4 e5 2. Nf3 Nc6 3. Bc4 Nf6 4. Ng5 d5 5. exd5 Na5 6. Bb5+ Bd7 7. Bxd7+ Qxd7 8. 0-0 Nxd5 9. d4 exd4 10. Re1+ Be7 11. Qh5 g6 12. Qf3 0-0 13. Na3 Nc6 14. b3 Nb6 15. Qh3 Qxh3 16. Nxh3 Bf6 17. Bh6 Rfd8 18. Rad1 Nb4 19. Bd2 Nxa2 20. Nb5 c6 21. Na3 Nc3 22. Bxc3 dxc3 23. Rxd8+ Rxd8 24. Nb1 Nd5 25. f3 Bd4+ 26. Kh1 h6 27. Rd1 Bg7 28. Na3 Re8 29. Nc4 Re2 30. Rc1 Nb4 0-1

[Event "EU-ch U10"]
[Site "Bratislava"]
[Date "2019.08.10"]
[Round "9"]
[White "Pehar, Borna"]
[Black "Mathew, Johan"]
[Result "1/2-1/2"]
[WhiteElo "1680"]
[BlackElo "1263"]
[PlyCount "94"]
[EventDate "2019.08.02"]
[EventType "swiss"]
[EventRounds "9"]
[EventCountry "SVK"]
[SourceTitle "EXT 2020"]
[Source "ChessBase"]
[SourceDate "2019.10.17"]
[SourceVersion "1"]
[SourceVersionDate "2019.10.17"]
[SourceQuality "1"]

1. d4 Nf6 2. c4 g6 3. Nc3 d5 4. cxd5 Nxd5 5. e4 Nxc3 6. bxc3 Bg7 7. Nf3 c5 8. Bb5+ Bd7 9. Bxd7+ Nxd7 10. Qb3 Qa5 11. 0-0 cxd4 12. cxd4 Nc5 13. Qb1 Ne6 14. Qxb7 0-0 15. Qxe7 Nxd4 16. Nxd4 Bxd4 17. Qa3 Qe5 18. Rb1 Qxe4 19. Bh6 Bxf2+ 20. Kh1 Rfb8 21. Qc3 Bd4 22. Rxb8+ Rxb8 23. Qc7 Qe8 24. Qc4 Bg7 25. Bxg7 Kxg7 26. Qd4+ Kg8 27. h3 Qe2 28. Rf2 Qe1+ 29. Kh2 a6 30. Qf4 Rf8 31. Qf3 Qe5+ 32. Qf4 Qxf4+ 33. Rxf4 Kg7 34. Rb4 Re8 35. Rb6 Re6 36. Rb4 Kf6 37. a4 a5 38. Rb5 Re5 39. Kg3 g5 40. Rb6+ Kf5 41. Kf3 f6 42. g4+ Kg6 43. Rb5 h5 44. Rxe5 fxe5 45. Ke4 hxg4 46. hxg4 Kf6 47. Kd5 e4 1/2-1/2

[Event "EU-ch U10"]
[Site "Bratislava"]
[Date "2019.08.08"]
[Round "7"]
[White "Rusakov, Makar"]
[Black "Pehar, Borna"]
[Result "0-1"]
[WhiteElo "1222"]
[BlackElo "1680"]
[PlyCount "46"]
[EventDate "2019.08.02"]
[EventType "swiss"]
[EventRounds "9"]
[EventCountry "SVK"]
[SourceTitle "EXT 2020"]
[Source "ChessBase"]
[SourceDate "2019.10.17"]
[SourceVersion "1"]
[SourceVersionDate "2019.10.17"]
[SourceQuality "1"]

1. d4 d5 2. c4 e6 3. Nc3 Nf6 4. cxd5 exd5 5. Bg5 Nbd7 6. Nxd5 Nxd5 7. e4 Bb4+ 8. Ke2 Qxg5 9. exd5 b6 10. Nf3 Ba6+ 11. Qd3 Bxd3+ 12. Kxd3 Qxd5 13. Be2 Nc5+ 14. Kc2 Qe4+ 15. Kd1 Nd3 16. Bxd3 Qxd3+ 17. Kc1 0-0 18. a3 Bd6 19. h4 Bf4+ 20. Nd2 Bxd2+ 21. Kd1 Be3+ 22. Ke1 Qd2+ 23. Kf1 Qxf2# 0-1

[Event "EU-ch U10"]
[Site "Bratislava"]
[Date "2019.08.06"]
[Round "5"]
[White "Pehar, Borna"]
[Black "Dolnik, Michal"]
[Result "1-0"]
[WhiteElo "1680"]
[BlackElo "1251"]
[PlyCount "69"]
[EventDate "2019.08.02"]
[EventType "swiss"]
[EventRounds "9"]
[EventCountry "SVK"]
[SourceTitle "EXT 2020"]
[Source "ChessBase"]
[SourceDate "2019.10.17"]
[SourceVersion "1"]
[SourceVersionDate "2019.10.17"]
[SourceQuality "1"]

1. d4 d5 2. c4 Nf6 3. cxd5 Nxd5 4. e4 Nf6 5. Nc3 Nc6 6. Nf3 e6 7. Bg5 Be7 8. Bb5 a6 9. Bxc6+ bxc6 10. 0-0 0-0 11. e5 Nd5 12. Nxd5 cxd5 13. Bxe7 Qxe7 14. Rc1 Bb7 15. Rc5 c6 16. a4 a5 17. Qb3 Rfb8 18. Qc3 h6 19. Rxa5 Rxa5 20. Qxa5 Ra8 21. Qc3 Rxa4 22. b3 Ra8 23. Ra1 Qd8 24. Rxa8 Qxa8 25. h3 Qa3 26. Nd2 Qa2 27. Nf3 Qb1+ 28. Kh2 Qf1 29. Qa5 Qxf2 30. Qb6 f6 31. Qxb7 fxe5 32. Qc8+ Kh7 33. Qxe6 e4 34. Qf5+ g6 35. Ng5+ 1-0